000 01304nam a2200265Ia 4500
999 _c3883
_d3883
003 OSt
005 20200625163745.0
008 191128s2017 ck gr 000 0 spa d
020 _a9789585616509
040 _aCO-JMCR
_cCO-JMCR
041 0 _aspa
082 0 4 _a334.6837 /
_bA697r
_223
100 1 _aAricapa Ardila, Ricardo,
_eautor
_96209
245 1 3 _aLa revolución Cooperativa del Campo Colombiano :
_bColanta Jenaro Pérez /
_cRicardo Aricapa A.
250 _aPrimera edición
260 _aMedellín :
_bCooperativa Colanta,
_c2017
300 _a249 páginas :
_bfotografías a color ;
_c24 cm.
500 _a"Historia Colanta 50 años".Tapa
505 0 _aUn parto difícil -- Los años del despegue -- Llegó la apertura -- Avanzando hacia la competividad -- Una cooperativa para un nuevo siglo -- Un mini álbum para la memoria
520 3 _aElaborar la historia de una empresa como Colanta, construida desde la colectividad y con el liderazgo de importantes personalidades de la sociedad antioqueña, demandaron una conducta responsable, honesta y solidaria con los hechos.
650 1 4 _aCooperativa Lechera Colanta
_xhistoria
_zColombia
_96210
650 1 4 _aCooperativas lecheras
_xhistoria
_zColombia
_96211
650 1 4 _aIndustria lechera
_xhistoria
_zColombia
_96212
942 _2ddc
_cBK